Historia económica de la argentina /
Guardado en:
| Autor Principal: | |
|---|---|
| Formato: | Libro |
| Publicado: |
Buenos Aires :
Plus Ultra,
1974
|
| Edición: | 4a. ed. |
| Materias: | |
| Etiquetas: |
Agregar Etiqueta
Sin Etiquetas, Sea el primero en etiquetar este registro!
|
| LEADER | 00866nam a22002295a 4500 | ||
|---|---|---|---|
| 001 | CEM.cems004798 | ||
| 005 | 20060217000000.0 | ||
| 008 | 130507s1974##################000#0#####d | ||
| 003 | CEMS | ||
| 082 | 0 | 4 | |a 338.982 |
| 100 | 1 | |a Ortiz, Ricardo | |
| 245 | 1 | 0 | |a Historia económica de la argentina / |
| 250 | |a 4a. ed. | ||
| 260 | |a Buenos Aires : |b Plus Ultra, |c 1974 | ||
| 300 | |a 715 p. | ||
| 505 | 0 | |a a población en la ultima decena del S. XIX, Transportes, Politica financiera y comercio exterior en el periodo 1880-99; Expansion de los frigorificos; Ganaderia; Agricultura; Mineria; Industria manufacturera ... | |
| 653 | |a Argentina | ||
| 653 | |a Argentina-colonizacion | ||
| 653 | |a Argentina-comercio exterior | ||
| 653 | |a Argentina-industria agropecuar | ||
| 653 | |a Argentina-medios de trasporte | ||
| 859 | |a CEMS |b BIB. CEMS - 11 de abril |h 338.982 |i Or8a4 |p 3432.75 |t Ej.1 | ||
